000 00761nam a2200217 a 4500
999 _c11960
_d11960
001 11960
003 BD-JhCC
005 20210225131600.0
008 210225b 2013bg a|||| ||a| 000 0 mul d
020 _a9789848980699
035 _a(BD-JhCC)11960
040 _aBD-JhCC
_dBD-JhCC
041 _aeng
082 _a006.76
_bANW 2013
100 _aচৌধুরী, মোঃ আনোয়ার হোসেন
245 _aসবার জন্য ড্রপার সিএমএস /
_c মোঃ আনোয়ার হোসেন চৌধুরী,
260 _aঢাকা, বাংলাদেশ :
_bসিসটেক পাবলিকেশন্স;
_c২০১৩.
300 _a344
_b24 cm.
942 _2ddc
_cBK